[Event "DEM U10 2017"]
[Site "Willingen GER"]
[Date "2017.06.05"]
[Round "3"]
[White "Fuchs, Florian"]
[Black "Klühs, Gustaf"]
[Result "1-0"]
[Termination "normal"]
[Board "2"]
[WhiteElo "1758"]
[BlackElo "1620"]
[WhiteClock "00:32:09"]
[BlackClock "00:29:33"]
[PlyCount "75"]
[WhiteFideId "16213351"]
[BlackFideId "16228936"]
[EventCountry "GER"]
[EventRounds "11"]
[EventType "swiss"]
[EventDate "2017.06.03"]

1. Nf3 Nf6 2. c4 g6 3. g3 Bg7 4. Bg2 O-O 5. O-O d6 6. d4 c6 7. Nc3 Nbd7 8. Qc2
Qc7 9. b3 e5 10. dxe5 dxe5 11. Bb2 Re8 12. e3 Nc5 13. Rad1 Bf5 14. Qc1 Nd3 15.
Qa1 Qe7 16. Ne1 Nxb2 17. Qxb2 Rad8 18. Nf3 Bd3 19. Rfe1 e4 20. Nd2 Qe5 21. Qc1
Rd7 22. Bf1 Red8 23. Ne2 g5 24. Bh3 Re7 25. Nd4 c5 26. Nf5 Ree8 27. Nxg7 Kxg7
28. Qa1 Qc7 29. Nf1 Qc6 30. g4 Qe6 31. Ng3 Kg8 32. Nf5 h5 33. gxh5 g4 34. Bxg4
Nxh5 35. Kh1 Kh7 36. Rg1 Rg8 37. Ng7 Qh6 38. Bf5+ 1-0

[Event "DEM U10 2017"]
[Site "Willingen GER"]
[Date "2017.06.05"]
[Round "3"]
[White "Zielke, Ansgar"]
[Black "Hagner, Bennet"]
[Result "0-1"]
[Termination "normal"]
[Board "3"]
[WhiteElo "1450"]
[BlackElo "1683"]
[WhiteClock "00:09:14"]
[BlackClock "00:14:38"]
[PlyCount "160"]
[WhiteFideId "16244800"]
[BlackFideId "16224477"]
[EventCountry "GER"]
[EventRounds "11"]
[EventType "swiss"]
[EventDate "2017.06.03"]

1. d4 c5 2. Nf3 d5 3. c4 Nf6 4. e3 e6 5. Nc3 Nc6 6. Bd3 Bd6 7. O-O O-O 8. Re1
Re8 9. dxc5 Bxc5 10. a3 a5 11. Qc2 dxc4 12. Bxc4 e5 13. e4 Ng4 14. Be3 Nxe3 15.
fxe3 Bg4 16. Be2 Bxe3+ 17. Kh1 Bxf3 18. Bxf3 Qd2 19. Qxd2 Bxd2 20. Red1 Bxc3
21. bxc3 Rad8 22. Kg1 Rxd1+ 23. Rxd1 Rd8 24. Rd5 Kf8 25. Kf2 Ke7 26. Ke3 a4 27.
c4 Rxd5 28. cxd5 Nd4 29. Kd3 b5 30. Kc3 f5 31. Kb4 Kd6 32. exf5 Nc2+ 33. Kxb5
Nxa3+ 34. Kxa4 Nc2 35. Kb3 Nd4+ 36. Kc4 Nxf5 37. Kd3 g6 38. g4 Ne7 39. Kc4 Nc8
40. Kb5 Ne7 41. Kc4 Ng8 42. g5 Ne7 43. Be4 Nf5 44. Kd3 Kc5 45. Bf3 Ne7 46. Ke4
Kd6 47. h4 Nxd5 48. h5 Nf4 49. hxg6 hxg6 50. Bg4 Ne6 51. Bd1 Nxg5+ 52. Ke3 Ke6
53. Bc2 Kf6 54. Bd3 e4 55. Bb5 Nf7 56. Bc6 Nd6 57. Bd5 Ke5 58. Bb3 g5 59. Bd1
Nf5+ 60. Kf2 e3+ 61. Kf3 Kf6 62. Be2 Ke5 63. Kg4 Nd4 64. Bd3 Kf6 65. Bc4 e2 66.
Bxe2 Nxe2 67. Kf3 Nf4 68. Kg4 Kg6 69. Kg3 Kf5 70. Kf3 g4+ 71. Kg3 Nh5+ 72. Kg2
Kf4 73. Kf2 g3+ 74. Kg2 Kg4 75. Kg1 Kf3 76. Kh1 g2+ 77. Kg1 Nf6 78. Kh2 Kf2 79.
Kh3 g1=Q 80. Kh4 Qg4# 0-1

[Event "DEM U10 2017"]
[Site "Willingen GER"]
[Date "2017.06.05"]
[Round "3"]
[White "Rempe, Jonas"]
[Black "Amato, Cristiano"]
[Result "1-0"]
[Termination "normal"]
[Board "4"]
[WhiteElo "1733"]
[BlackElo "1505"]
[WhiteClock "00:10:30"]
[BlackClock "00:36:24"]
[PlyCount "117"]
[WhiteFideId "16202406"]
[BlackFideId "12998460"]
[EventCountry "GER"]
[EventRounds "11"]
[EventType "swiss"]
[EventDate "2017.06.03"]

1. e4 c5 2. Nf3 e6 3. d4 cxd4 4. Nxd4 Nf6 5. Bd3 Nc6 6. Nxc6 bxc6 7. O-O Qc7 8.
Nc3 Bc5 9. Be3 Bxe3 10. fxe3 e5 11. Rf3 d5 12. Rg3 d4 13. Na4 Bg4 14. Rxg4 Nxg4
15. Qxg4 dxe3 16. Qxg7 Rf8 17. Nc5 Qd6 18. Nb3 O-O-O 19. Qg3 f5 20. Qxe3 f4 21.
Qxa7 Rd7 22. Qa8+ Kc7 23. Qa5+ Kb8 24. Qc5 f3 25. Qxd6+ Rxd6 26. Rf1 Rg6 27. g3
h5 28. Kf2 h4 29. Nd2 hxg3+ 30. hxg3 Rgf6 31. Nc4 Kc7 32. Nxe5 Kd6 33. Ng4 R6f7
34. Ne3 Ra8 35. a3 Rb7 36. Kxf3 Rf7+ 37. Kg2 Raf8 38. Rxf7 Rxf7 39. g4 Ke7 40.
Nf5+ Kf6 41. Kg3 Rb7 42. b3 Ra7 43. a4 c5 44. Kf4 c4 45. Bxc4 Kg6 46. Bd3 Kf7
47. e5 Ra8 48. Bc4+ Kg6 49. e6 Re8 50. Ke5 Kh7 51. Kd6 Rg8 52. e7 Rb8 53. Nd4
Rb6+ 54. Nc6 Rxc6+ 55. Kxc6 Kg7 56. e8=Q Kf6 57. Qh5 Kg7 58. g5 Kf8 59. Qf7#
1-0

[Event "DEM U10 2017"]
[Site "Willingen GER"]
[Date "2017.06.05"]
[Round "3"]
[White "Kageler, Anton Paul"]
[Black "Nitsche, Nikolai"]
[Result "0-1"]
[Termination "normal"]
[Board "5"]
[WhiteElo "1341"]
[BlackElo "1465"]
[WhiteClock "00:51:27"]
[BlackClock "00:42:41"]
[PlyCount "92"]
[WhiteFideId "16244850"]
[BlackFideId "16221036"]
[EventCountry "GER"]
[EventRounds "11"]
[EventType "swiss"]
[EventDate "2017.06.03"]

1. d4 e6 2. Bf4 d5 3. Nf3 Nf6 4. e3 c5 5. c4 Nc6 6. Nbd2 Be7 7. Qc2 cxd4 8.
exd4 dxc4 9. Qxc4 O-O 10. Bd3 Nd5 11. Bg3 Ncb4 12. Be4 Nf6 13. O-O Nxe4 14.
Nxe4 b6 15. Bc7 Qd5 16. Qxd5 Nxd5 17. Bg3 Bb7 18. Rac1 Ba6 19. Rfe1 Nb4 20. Rc7
Nd5 21. Rcc1 Bb4 22. Bd6 Bxe1 23. Bxf8 Bxf2+ 24. Kxf2 Kxf8 25. a3 Nf4 26. Rc3
Nd3+ 27. Ke3 Nxb2 28. Rb3 Nc4+ 29. Kf2 Rc8 30. Rb4 Na5 31. Ne5 Rc2+ 32. Kg3 Nc6
33. Nxc6 Rxc6 34. Ra4 Bd3 35. Nf2 a5 36. Nxd3 Rc3 37. Kg4 Rxd3 38. Kf4 Rc3 39.
Ke5 Ke7 40. d5 Rc5 41. Rd4 Rxd5+ 42. Rxd5 exd5 43. Kxd5 Kd7 44. Kc4 Kc6 45. a4
f5 46. g3 g5 0-1

[Event "DEM U10 2017"]
[Site "Willingen GER"]
[Date "2017.06.05"]
[Round "3"]
[White "Strehse, Nelson"]
[Black "Deuer, Marius"]
[Result "1-0"]
[Termination "normal"]
[Board "6"]
[WhiteElo "1042"]
[BlackElo "1698"]
[WhiteClock "00:12:30"]
[BlackClock "00:15:55"]
[PlyCount "125"]
[WhiteFideId "16228898"]
[BlackFideId "16236432"]
[EventCountry "GER"]
[EventRounds "11"]
[EventType "swiss"]
[EventDate "2017.06.03"]

1. e4 c5 2. Nf3 Nc6 3. d4 cxd4 4. Nxd4 g6 5. Nc3 Bg7 6. Be3 Nf6 7. f3 d5 8. Bb5
Qd6 9. exd5 Qe5 10. Kf2 Nxd5 11. Nxd5 Bd7 12. Bxc6 bxc6 13. Nc3 f5 14. Nb3 Qc7
15. f4 O-O 16. Re1 e5 17. g3 g5 18. fxe5 f4 19. gxf4 Bxe5 20. Kg2 Bxf4 21. Bxf4
Rxf4 22. Nd5 cxd5 23. Qxd5+ Kg7 24. Re7+ Kh6 25. Qxd7 Qxc2+ 26. Kh1 Rh8 27.
Qe6+ Kh5 28. Qe2+ Qxe2 29. Rxe2 Rd8 30. Rd2 Re8 31. Kg1 g4 32. Rf1 Ra4 33. a3
Rg8 34. Rd4 Ra6 35. Rf5+ Kh4 36. Rdd5 Rh6 37. Nd2 Rc8 38. Rf4 Rc2 39. Kg2 Re6
40. Kf1 Rc1+ 41. Kf2 Rc2 42. h3 h5 43. Rff5 Rh6 44. hxg4 hxg4 45. Kf1 g3 46.
Rf4+ Kh3 47. Kg1 Rh7 48. Ne4 Rc1+ 49. Rf1 Rxf1+ 50. Kxf1 Re7 51. Rh5+ Kg4 52.
Nf6+ Kf3 53. Rf5+ Ke3 54. Nd5+ Ke4 55. Nxe7 a5 56. Rxa5 Kf4 57. b4 Kf3 58. Rf5+
Kg4 59. b5 Kh3 60. b6 Kg4 61. b7 Kh3 62. b8=Q Kh4 63. Qf4+ 1-0

[Event "DEM U10 2017"]
[Site "Willingen GER"]
[Date "2017.06.05"]
[Round "3"]
[White "Morczynski, Joachim"]
[Black "Bakiev, Diyor"]
[Result "0-1"]
[Termination "normal"]
[Board "7"]
[WhiteElo "1645"]
[BlackElo "1111"]
[WhiteClock "00:46:51"]
[BlackClock "00:38:25"]
[PlyCount "72"]
[WhiteFideId "16209745"]
[BlackFideId "16241584"]
[EventCountry "GER"]
[EventRounds "11"]
[EventType "swiss"]
[EventDate "2017.06.03"]

1. e4 e5 2. Nc3 Nf6 3. f4 d5 4. fxe5 Nxe4 5. Nf3 Nc6 6. d4 Bb4 7. Bd3 Nxc3 8.
bxc3 Bxc3+ 9. Bd2 Bxd4 10. c3 Bxe5 11. O-O Bg4 12. Qe1 Qe7 13. Ng5 f6 14. Nxh7
f5 15. h3 Rxh7 16. hxg4 Bh2+ 17. Kf2 Ne5 18. Bxf5 g6 19. Bc2 Rf7+ 20. Ke2 Nf3+
21. Kd3 Nxe1+ 22. Rfxe1 Be5 23. Rxe5 Qxe5 24. Re1 Qxe1 25. Bxe1 O-O-O 26. Bh4
Rh8 27. Bg3 Rf1 28. Kd4 g5 29. Kxd5 Rg1 30. Bf5+ Kb8 31. Be4 Ra1 32. Be5 Rd8+
33. Kc4 Re8 34. Bxc7+ Kxc7 35. Bf3 Rxa2 36. Kb3 Rf2 0-1

[Event "DEM U10 2017"]
[Site "Willingen GER"]
[Date "2017.06.05"]
[Round "3"]
[White "Krüger, Aurelian"]
[Black "Müller, Maximilian"]
[Result "1-0"]
[Termination "normal"]
[Board "8"]
[WhiteElo "1657"]
[BlackElo "1234"]
[WhiteClock "00:18:10"]
[BlackClock "00:13:49"]
[PlyCount "75"]
[WhiteFideId "16230400"]
[BlackFideId "16243552"]
[EventCountry "GER"]
[EventRounds "11"]
[EventType "swiss"]
[EventDate "2017.06.03"]

1. e4 e6 2. d4 d5 3. Nc3 c5 4. exd5 exd5 5. dxc5 Nf6 6. Be3 Be6 7. Nf3 a6 8.
Nd4 Be7 9. f3 O-O 10. Qd2 Nc6 11. g4 Qd7 12. Nxc6 Qxc6 13. Bd4 Nd7 14. O-O-O
Nxc5 15. h4 Nd7 16. g5 f6 17. Bd3 Ne5 18. Bxe5 fxe5 19. Qe2 Bd6 20. Rdf1 Bf5
21. Nxd5 Bxd3 22. Qxd3 Rac8 23. Nc3 Bb4 24. Ne4 Rfd8 25. Qb3+ Kh8 26. c3 Bc5
27. Rd1 Be3+ 28. Kb1 Qg6 29. Qxb7 Rg8 30. h5 Qf5 31. Ka1 Rcd8 32. Nd6 Rd7 33.
Nxf5 Rxb7 34. Nxe3 Rf7 35. Nc4 Rxf3 36. Nxe5 Rf5 37. Ng6+ hxg6 38. hxg6# 1-0

[Event "DEM U10 2017"]
[Site "Willingen GER"]
[Date "2017.06.05"]
[Round "3"]
[White "Weissenberger, Julius"]
[Black "Hecht, Jonas Christian"]
[Result "1-0"]
[Termination "normal"]
[Board "9"]
[WhiteElo "1381"]
[BlackElo "1465"]
[WhiteClock "00:29:44"]
[BlackClock "00:11:59"]
[PlyCount "59"]
[WhiteFideId "16244826"]
[BlackFideId "16214846"]
[EventCountry "GER"]
[EventRounds "11"]
[EventType "swiss"]
[EventDate "2017.06.03"]

1. e4 e5 2. Nf3 Nc6 3. Bc4 Bc5 4. c3 Nf6 5. d4 exd4 6. e5 Qe7 7. cxd4 Bb4+ 8.
Bd2 Bxd2+ 9. Nbxd2 d6 10. O-O dxe5 11. dxe5 Nd7 12. Re1 Nb6 13. Bb5 Bd7 14.
Bxc6 Bxc6 15. Nd4 Bd7 16. Qe2 O-O 17. Rac1 Rac8 18. Rc3 c5 19. N4b3 Rfe8 20.
Rg3 Be6 21. Ne4 Bxb3 22. axb3 Red8 23. Nf6+ Kh8 24. Qg4 Qf8 25. Qf5 g6 26. Rh3
Qg7 27. Qg4 Rd4 28. f4 h6 29. Qg5 h5 30. Rxh5+ 1-0

[Event "DEM U10 2017"]
[Site "Willingen GER"]
[Date "2017.06.05"]
[Round "3"]
[White "Metzdorf, Matteo"]
[Black "Fathke, Luke"]
[Result "1-0"]
[Termination "normal"]
[Board "10"]
[WhiteElo "1466"]
[BlackElo "1327"]
[WhiteClock "00:01:14"]
[BlackClock "00:38:37"]
[PlyCount "105"]
[WhiteFideId "16209869"]
[BlackFideId "16230230"]
[EventCountry "GER"]
[EventRounds "11"]
[EventType "swiss"]
[EventDate "2017.06.03"]

1. e4 c6 2. Nc3 d5 3. Nf3 Nf6 4. d3 dxe4 5. dxe4 Qxd1+ 6. Kxd1 Bg4 7. Be2 e6 8.
a3 Nbd7 9. Bg5 Be7 10. Nd2 Bxe2+ 11. Kxe2 h6 12. Be3 O-O 13. f3 Bc5 14. Nc4
Bxe3 15. Kxe3 Rfd8 16. Rad1 Kf8 17. b3 Ke7 18. Na5 Rab8 19. Rd2 Rdc8 20. Nc4
Ne8 21. Rhd1 Rd8 22. Na5 f6 23. Na2 f5 24. Nb4 Ne5 25. Rxd8 Rxd8 26. Rxd8 Kxd8
27. Nxb7+ Kc7 28. Nc5 Kd6 29. Ncd3 Nd7 30. Na2 fxe4 31. fxe4 e5 32. Nc3 Nc7 33.
Nb2 Ne6 34. Nc4+ Kc7 35. Ne2 g6 36. g3 Ng5 37. h4 Ne6 38. Nc1 g5 39. hxg5 hxg5
40. Nd3 Nd4 41. Ncxe5 Nxc2+ 42. Kd2 Nxe5 43. Kxc2 Nxd3 44. Kxd3 Kd6 45. b4 Ke5
46. a4 a6 47. Ke3 g4 48. a5 Ke6 49. Kd4 Kd6 50. e5+ Ke6 51. Ke4 Kd7 52. Kf5 Ke7
53. Kxg4 1-0

[Event "DEM U10 2017"]
[Site "Willingen GER"]
[Date "2017.06.05"]
[Round "3"]
[White "Bolz, Jannis"]
[Black "Prieb, Robert"]
[Result "0-1"]
[Termination "normal"]
[Board "11"]
[WhiteElo "1333"]
[BlackElo "1583"]
[WhiteClock "00:29:04"]
[BlackClock "00:39:00"]
[PlyCount "126"]
[WhiteFideId "16214897"]
[BlackFideId "16212002"]
[EventCountry "GER"]
[EventRounds "11"]
[EventType "swiss"]
[EventDate "2017.06.03"]

1. e4 c5 2. Bc4 e6 3. Nc3 Ne7 4. d3 d5 5. Bb5+ Nec6 6. Bf4 d4 7. Nce2 Qa5+ 8.
c3 Qxb5 9. Bc7 Ne7 10. Qc2 Qd7 11. Bg3 Ng6 12. cxd4 cxd4 13. Nf3 Bb4+ 14. Nd2
Nc6 15. O-O O-O 16. Nf3 e5 17. a3 Bd6 18. h3 Qe7 19. Qb3 Be6 20. Qc2 Rac8 21.
Qd2 a6 22. Rac1 Rc7 23. Ng5 Bb3 24. Nf3 Rfc8 25. Ra1 Na7 26. Qa5 Nb5 27. Rfc1
Rxc1+ 28. Rxc1 Rxc1+ 29. Nxc1 Be6 30. Qd2 f6 31. a4 Bb4 32. Qd1 Na7 33. h4 Qc5
34. Nd2 Bd7 35. Qb3+ Kh8 36. Nf1 Qb6 37. Qf7 Qe6 38. Qxe6 Bxe6 39. Ne2 Bb3 40.
h5 Ne7 41. f4 Nac6 42. fxe5 fxe5 43. Kf2 Bxa4 44. Nc1 a5 45. b3 Bb5 46. Nh2 Ba3
47. Ne2 Bxd3 48. Ng4 Bxe4 49. Nxe5 Nxe5 50. Bxe5 d3 51. Nc3 Bc6 52. h6 Nf5 53.
hxg7+ Nxg7 54. Ke3 Bxg2 55. Kxd3 h5 56. Bf6 Kh7 57. Ne2 Bf1 58. Ke3 Bxe2 59.
Kxe2 b5 60. Kf3 a4 61. bxa4 bxa4 62. Kg3 Bc1 63. Kf2 a3 0-1

[Event "DEM U10 2017"]
[Site "Willingen GER"]
[Date "2017.06.05"]
[Round "3"]
[White "Reichmann, Felix"]
[Black "Laucht, Philipp"]
[Result "1-0"]
[Termination "normal"]
[Board "12"]
[WhiteElo "1550"]
[BlackElo "1316"]
[WhiteClock "01:07:37"]
[BlackClock "00:32:17"]
[PlyCount "119"]
[WhiteFideId "16238290"]
[BlackFideId "16244869"]
[EventCountry "GER"]
[EventRounds "11"]
[EventType "swiss"]
[EventDate "2017.06.03"]

1. c4 c5 2. g3 g6 3. Bg2 Bg7 4. Nc3 Nc6 5. e3 Nf6 6. Nge2 d6 7. O-O Bd7 8. h3
O-O 9. d4 cxd4 10. exd4 a6 11. b3 Rb8 12. a4 e6 13. Ba3 Qc7 14. Rc1 Rfe8 15. d5
exd5 16. cxd5 Na7 17. Nb5 Qa5 18. Nxd6 Re5 19. Nc4 Rxd5 20. Nxa5 Rxd1 21. Rfxd1
Be6 22. Bxb7 h6 23. Bc5 Nc8 24. Rd8+ Kh7 25. Bd4 Bxb3 26. Rcxc8 Rxc8 27. Rxc8
Bxa4 28. Bxf6 Bxf6 29. Bxa6 Bd7 30. Rc7 Be6 31. Nf4 Ba2 32. Bd3 Kg8 33. Nc4 Bg7
34. Nd5 Bb3 35. Nf4 Ba2 36. Nd6 Bb3 37. Bc4 Bxc4 38. Rxc4 Be5 39. Ne4 Bg7 40.
Nd5 Kh8 41. Nef6 Bxf6 42. Nxf6 Kg7 43. Ne4 Kh7 44. Nd6 Kg7 45. Rc7 Kg8 46. Nxf7
Kg7 47. Ng5+ Kf6 48. Nh7+ Kf5 49. g4+ Kf4 50. Rg7 g5 51. Rg6 h5 52. gxh5 g4 53.
Rxg4+ Kf5 54. h6 Ke6 55. Nf8+ Kf7 56. h7 Kxf8 57. h8=Q+ Kf7 58. Qh6 Ke7 59.
Rg7+ Kf8 60. Qh8# 1-0

[Event "DEM U10 2017"]
[Site "Willingen GER"]
[Date "2017.06.05"]
[Round "3"]
[White "Böhm, Karl"]
[Black "Bungarten, Jona"]
[Result "1-0"]
[Termination "normal"]
[Board "13"]
[WhiteElo "1516"]
[BlackElo "1726"]
[PlyCount "91"]
[WhiteFideId "16209800"]
[BlackFideId "16223608"]
[EventCountry "GER"]
[EventRounds "11"]
[EventType "swiss"]
[EventDate "2017.06.03"]

1. e4 e5 2. Nf3 Nc6 3. d4 exd4 4. Nxd4 Nf6 5. Nc3 Bb4 6. Nxc6 bxc6 7. Bd3 d5 8.
exd5 cxd5 9. O-O O-O 10. h3 Be6 11. Qf3 Rb8 12. Re1 Re8 13. Bg5 Be7 14. Nb5 c5
15. Bf4 Rb7 16. a4 a6 17. Nc3 Rxb2 18. Bxa6 Rb6 19. Bb5 Rf8 20. a5 Rb7 21. Bc6
Ra7 22. a6 Qb6 23. Bb7 Qb4 24. Reb1 Qd4 25. Nb5 Qc4 26. Nxa7 Ne4 27. Qd3 Qxd3
28. cxd3 Nc3 29. Re1 Bf6 30. Be5 Bxe5 31. Rxe5 Rd8 32. Nc6 Re8 33. a7 h6 34.
Nb8 Nb5 35. a8=Q Nc7 36. Qa5 Rxb8 37. Qxc7 Rf8 38. Ra8 Rxa8 39. Bxa8 Kh7 40.
Bxd5 Bxd5 41. Rxd5 Kg6 42. Qe5 f6 43. Qf5+ Kf7 44. Rd7+ Kg8 45. Qg6 Kf8 46.
Qf7# 1-0

[Event "DEM U10 2017"]
[Site "Willingen GER"]
[Date "2017.06.05"]
[Round "3"]
[White "Hänselmann, Hendrik"]
[Black "Schwartz, Oliver"]
[Result "1/2-1/2"]
[Termination "normal"]
[Board "14"]
[WhiteElo "1461"]
[BlackElo "1517"]
[PlyCount "54"]
[WhiteFideId "16232755"]
[BlackFideId "16207459"]
[EventCountry "GER"]
[EventRounds "11"]
[EventType "swiss"]
[EventDate "2017.06.03"]

1. e4 c5 2. Nf3 g6 3. d4 cxd4 4. Nxd4 Bg7 5. Nb3 Nc6 6. Be2 Nf6 7. Nc3 O-O 8.
O-O d6 9. Bg5 Bd7 10. Re1 Rc8 11. Bf1 Ne5 12. Qd2 Qb6 13. Bxf6 Bxf6 14. Nd5 Qc6
15. Nxf6+ exf6 16. c3 Rfe8 17. Rad1 Bg4 18. Rc1 Re7 19. Nd4 Qb6 20. Be2 Bxe2
21. Nxe2 Nc4 22. Qd4 Qxb2 23. Qxf6 Rxe4 24. Ng3 Rxe1+ 25. Rxe1 Qxa2 26. h3 a5
27. Nf5 gxf5 1/2-1/2

[Event "DEM U10 2017"]
[Site "Willingen GER"]
[Date "2017.06.05"]
[Round "3"]
[White "Ehrig, Leon Chris"]
[Black "Meusel, Johannes"]
[Result "1-0"]
[Termination "normal"]
[Board "15"]
[WhiteElo "1484"]
[BlackElo "1212"]
[PlyCount "95"]
[WhiteFideId "16244796"]
[BlackFideId "16244893"]
[EventCountry "GER"]
[EventRounds "11"]
[EventType "swiss"]
[EventDate "2017.06.03"]

1. e4 e5 2. Nf3 Nc6 3. Bc4 Bc5 4. d3 Nf6 5. c3 d6 6. h3 h6 7. O-O O-O 8. Re1
Bb6 9. Nbd2 Be6 10. Bb3 Qd7 11. Nf1 Rfe8 12. Ng3 d5 13. exd5 Bxd5 14. Ba4 Rad8
15. Nxe5 Qe6 16. Bf4 g5 17. Bd2 Qd6 18. Nf5 Qf8 19. Bxc6 Bxc6 20. Qb3 Bd5 21.
Qc2 c5 22. h4 Bc7 23. hxg5 Rxe5 24. Nxh6+ Kh7 25. d4+ Be4 26. Rxe4 Nxe4 27.
dxe5 Rxd2 28. Qxe4+ Kh8 29. Qf5 Rd5 30. Qf6+ Qg7 31. Nxf7+ Kg8 32. Nh6+ Kh7 33.
Qxg7+ Kxg7 34. f4 Rd2 35. Re1 Rd8 36. f5 Re8 37. e6 Bd8 38. f6+ Bxf6 39. gxf6+
Kxf6 40. e7 Kg5 41. Nf7+ Kf6 42. Nd6 Rxe7 43. Rxe7 Kxe7 44. Nxb7 Kd7 45. Nxc5+
Kc6 46. b4 a5 47. bxa5 Kxc5 48. g4 1-0

[Event "DEM U10 2017"]
[Site "Willingen GER"]
[Date "2017.06.05"]
[Round "3"]
[White "Petzke, Julian"]
[Black "von Mettenheim, Johannes"]
[Result "0-1"]
[Termination "normal"]
[Board "16"]
[WhiteElo "1279"]
[BlackElo "1407"]
[PlyCount "70"]
[WhiteFideId "16244885"]
[BlackFideId "16244818"]
[EventCountry "GER"]
[EventRounds "11"]
[EventType "swiss"]
[EventDate "2017.06.03"]

1. e4 c6 2. d4 d5 3. exd5 cxd5 4. Nc3 Nf6 5. Bd3 Nc6 6. Nf3 Bg4 7. Be3 e6 8.
O-O Bd6 9. Nb5 O-O 10. Nxd6 Qxd6 11. Be2 Rac8 12. c3 Na5 13. h3 Bf5 14. Ne5 Nc6
15. Bf4 Qe7 16. Bg5 h6 17. Bxf6 gxf6 18. Nf3 Kh7 19. Kh1 Rg8 20. Rg1 Rg7 21.
Nh4 Be4 22. f3 Bg6 23. Nxg6 fxg6 24. Qe1 Qd6 25. Bd3 e5 26. dxe5 Nxe5 27. Rd1
Re8 28. Qf2 Qe6 29. Rge1 Nxd3 30. Qd2 Nxe1 31. Kg1 Qe2 32. Qxe2 Rxe2 33. Rxd5
Nxg2 34. Rb5 Nf4 35. h4 Rd7 0-1

[Event "DEM U10 2017"]
[Site "Willingen GER"]
[Date "2017.06.05"]
[Round "3"]
[White "Willsch, Justin"]
[Black "Phan Trong, Dai"]
[Result "1/2-1/2"]
[Termination "normal"]
[Board "17"]
[WhiteElo "1221"]
[BlackElo "1392"]
[PlyCount "97"]
[WhiteFideId "16229762"]
[BlackFideId "16236939"]
[EventCountry "GER"]
[EventRounds "11"]
[EventType "swiss"]
[EventDate "2017.06.03"]

1. d4 d5 2. c4 e6 3. g3 Nf6 4. Bg2 dxc4 5. Nf3 Nc6 6. O-O Be7 7. Qa4 O-O 8.
Qxc4 Qd5 9. Qxd5 Nxd5 10. Rd1 Rd8 11. Bg5 Bxg5 12. Nxg5 f6 13. Nf3 Bd7 14. Nbd2
Be8 15. Nb3 Bf7 16. a3 Nb6 17. Nc5 Rab8 18. e3 Nd7 19. Nxd7 Rxd7 20. b4 Rbd8
21. Rdc1 Ne7 22. Nd2 c6 23. Ne4 b6 24. Nc3 Nd5 25. Nxd5 cxd5 26. Bh3 Re7 27.
Rc3 Kf8 28. Rac1 Ke8 29. Rc7 h6 30. Rxe7+ Kxe7 31. Rc7+ Rd7 32. Rxd7+ Kxd7 33.
Bf1 Kd6 34. Kg2 e5 35. Kf3 Be6 36. h4 g5 37. hxg5 hxg5 38. Kg2 Kc6 39. a4 a5
40. b5+ Kd6 41. Bd3 f5 42. Bc2 f4 43. Kf3 g4+ 44. Kg2 fxe3 45. fxe3 exd4 46.
exd4 Ke7 47. Kf2 Kf6 48. Ke3 Kg5 49. Bb1 1/2-1/2

[Event "DEM U10 2017"]
[Site "Willingen GER"]
[Date "2017.06.05"]
[Round "3"]
[White "Greßler, Christian"]
[Black "Richter, Nicholas"]
[Result "0-1"]
[Termination "normal"]
[Board "18"]
[WhiteElo "1198"]
[BlackElo "1369"]
[PlyCount "72"]
[WhiteFideId "16244907"]
[BlackFideId "16244834"]
[EventCountry "GER"]
[EventRounds "11"]
[EventType "swiss"]
[EventDate "2017.06.03"]

1. e4 c5 2. Nf3 e6 3. c3 d5 4. exd5 Qxd5 5. d4 cxd4 6. cxd4 Nf6 7. Nc3 Qd8 8.
Bc4 a6 9. a3 b5 10. Ba2 Bb7 11. O-O Be7 12. Be3 O-O 13. Qe2 Nbd7 14. Rac1 Nb6
15. Rfd1 Nbd5 16. h3 Nxc3 17. Rxc3 Ne4 18. Rcc1 Qd7 19. Bb1 Nf6 20. Bg5 Rac8
21. Bxf6 Bxf6 22. Rxc8 Rxc8 23. Qd3 g6 24. Ne5 Qd5 25. Nf3 Bg5 26. Kf1 Bh6 27.
Re1 Qc4 28. Qxc4 Rxc4 29. Rd1 Rc1 30. Rxc1 Bxc1 31. b3 Bxa3 32. Ke2 Kf8 33. Ke3
Ke7 34. Be4 Bxe4 35. Kxe4 f5+ 36. Ke5 Bd6# 0-1

[Event "DEM U10 2017"]
[Site "Willingen GER"]
[Date "2017.06.05"]
[Round "3"]
[White "Fuchs, Thomas"]
[Black "Cromm, Mika"]
[Result "1-0"]
[Termination "normal"]
[Board "19"]
[WhiteElo "1366"]
[BlackElo "1175"]
[PlyCount "71"]
[WhiteFideId "16230574"]
[BlackFideId "16244915"]
[EventCountry "GER"]
[EventRounds "11"]
[EventType "swiss"]
[EventDate "2017.06.03"]

1. d4 d5 2. c4 c6 3. Nf3 Nf6 4. Nc3 e6 5. Bg5 Be7 6. e3 Nbd7 7. Bd3 O-O 8. Qc2
h6 9. h4 dxc4 10. Be4 Nxe4 11. Qxe4 hxg5 12. hxg5 f5 13. Qxe6+ Rf7 14. g6 Qf8
15. gxf7+ Qxf7 16. Rh8+ Kxh8 17. Qxf7 Bf6 18. O-O-O Nf8 19. Qxf8+ Kh7 20. Rh1+
Kg6 21. Qc5 Be6 22. Ne5+ Bxe5 23. Qxe5 Kf7 24. Qc7+ Kf6 25. Qxb7 Rf8 26. Qxc6
Rc8 27. Qf3 a5 28. Ne4+ Ke7 29. Nc5 Kf7 30. Qb7+ Kf6 31. Nxe6 Rg8 32. Qc6 Kf7
33. Qd7+ Kf6 34. Nf4 Kg5 35. Rh5+ Kf6 36. Qe6# 1-0

[Event "DEM U10 2017"]
[Site "Willingen GER"]
[Date "2017.06.05"]
[Round "3"]
[White "Fuhrmann, Bahne"]
[Black "Fink, Moritz"]
[Result "1-0"]
[Termination "normal"]
[Board "20"]
[WhiteElo "1365"]
[BlackElo "1162"]
[PlyCount "107"]
[WhiteFideId "16244842"]
[BlackFideId "16235711"]
[EventCountry "GER"]
[EventRounds "11"]
[EventType "swiss"]
[EventDate "2017.06.03"]

1. e4 e5 2. Nf3 Nc6 3. d4 exd4 4. Nxd4 Bb4+ 5. c3 Bc5 6. Nf5 g6 7. Ne3 d6 8.
Bd3 Be6 9. O-O Nge7 10. Ng4 Bxg4 11. Qxg4 Ne5 12. Qe2 d5 13. Rd1 Qd6 14. exd5
Nxd3 15. Rxd3 O-O-O 16. b4 Bb6 17. Nd2 Nxd5 18. Nc4 Qc6 19. Nxb6+ Qxb6 20. Qf3
Qe6 21. Bb2 Rhe8 22. h3 Qe4 23. Qxe4 Rxe4 24. Rad1 Re2 25. Bc1 Rc2 26. Bg5 f6
27. Bxf6 Rf8 28. Rxd5 c6 29. Rd8+ Rxd8 30. Rxd8+ Kc7 31. Rh8 Rxa2 32. Rxh7+ Kb6
33. Bd4+ Kb5 34. Rxb7+ Kc4 35. Rxa7 Rxa7 36. Bxa7 Kxc3 37. Bc5 Kd3 38. f3 Kc4
39. Kf2 Kd5 40. Ke3 Ke5 41. f4+ Kf5 42. g4+ Kf6 43. Ke4 Ke6 44. h4 Kf6 45. h5
gxh5 46. gxh5 Kg7 47. f5 Kf7 48. h6 Kg8 49. f6 Kh8 50. f7 Kh7 51. f8=Q Kg6 52.
Qg7+ Kh5 53. Kf4 Kh4 54. Qg4# 1-0

[Event "DEM U10 2017"]
[Site "Willingen GER"]
[Date "2017.06.05"]
[Round "3"]
[White "Stork, Christopher"]
[Black "Schott, Andy"]
[Result "1/2-1/2"]
[Termination "normal"]
[Board "21"]
[WhiteElo "1630"]
[BlackElo "1143"]
[PlyCount "78"]
[WhiteFideId "16215400"]
[BlackFideId "16244940"]
[EventCountry "GER"]
[EventRounds "11"]
[EventType "swiss"]
[EventDate "2017.06.03"]

1. e4 e5 2. Nf3 Nc6 3. d4 exd4 4. Nxd4 Nf6 5. Nc3 Bb4 6. Nxc6 bxc6 7. Bd3 O-O
8. O-O Re8 9. Re1 d6 10. Bd2 Bg4 11. f3 Bd7 12. a3 Bc5+ 13. Be3 Bxe3+ 14. Rxe3
Be6 15. Ba6 Rb8 16. Rb1 d5 17. Rd3 Re7 18. exd5 cxd5 19. Bc4 Rd7 20. Bb5 Rd6
21. Ba4 c6 22. Ne4 Bf5 23. Nxd6 Bxd3 24. Qxd3 Qxd6 25. Qa6 Qc5+ 26. Kh1 Qb6 27.
Qxb6 Rxb6 28. Bb3 d4 29. Rd1 c5 30. Rb1 Nd7 31. f4 Kf8 32. Bc4 f6 33. b3 g5 34.
fxg5 fxg5 35. Rf1+ Rf6 36. Rxf6+ Nxf6 37. Bd3 h6 38. g3 a5 39. Kg2 Ke7 1/2-1/2